[Event "GER-ch U25-B"]
[Site "Willingen"]
[Date "2017.06.09"]
[Round "8"]
[White "Reyher, Susan"]
[Black "Neppert, Paul"]
[Result "1-0"]
[WhiteElo "1572"]
[BlackElo "1515"]
[PlyCount "77"]
[EventDate "2017.06.04"]
[EventType "swiss"]
[EventRounds "9"]
[EventCountry "GER"]
[SourceTitle "CBM 178 Extra"]
[Source "ChessBase"]
[SourceDate "2017.06.22"]
[SourceVersion "1"]
[SourceVersionDate "2017.06.22"]
[SourceQuality "1"]

1. e4 e5 2. Bc4 Nf6 3. d3 Nc6 4. Nc3 d6 5. Nge2 Be6 6. Bb3 d5 7. Bg5 d4 8. Nd5 h6 9. Nxf6+ gxf6 10. Bd2 Qd7 11. Ng3 0-0-0 12. f4 Bb4 13. f5 Bxd2+ 14. Qxd2 Bxb3 15. axb3 Qd6 16. Ra4 Kd7 17. 0-0 Ke7 18. Nh5 Rdg8 19. Qe2 a6 20. Rf3 Rh7 21. Ra1 Nb4 22. c3 Nc6 23. Qf2 Qc5 24. Kh1 Qd6 25. Rg3 Rxg3 26. Qxg3 Qd8 27. Rf1 Qf8 28. Rf3 Qd8 29. Qh4 Qh8 30. Rg3 a5 31. Rg4 dxc3 32. bxc3 Nb8 33. Qg3 Kf8 34. Qf2 b6 35. Qa2 Nd7 36. Qa4 Ke8 37. Qc6 Kd8 38. Qa8+ Ke7 39. Rg8 1-0

[Event "GER-ch U25-B"]
[Site "Willingen"]
[Date "2017.06.08"]
[Round "7"]
[White "Neppert, Paul"]
[Black "Huppert, Anna"]
[Result "1-0"]
[WhiteElo "1515"]
[BlackElo "1155"]
[PlyCount "123"]
[EventDate "2017.06.04"]
[EventType "swiss"]
[EventRounds "9"]
[EventCountry "GER"]
[SourceTitle "CBM 178 Extra"]
[Source "ChessBase"]
[SourceDate "2017.06.22"]
[SourceVersion "1"]
[SourceVersionDate "2017.06.22"]
[SourceQuality "1"]

1. e4 e6 2. Nc3 d5 3. d4 Bb4 4. e5 c5 5. a3 Bxc3+ 6. bxc3 Ne7 7. Qg4 0-0 8. Nf3 Ng6 9. Bd3 Nc6 10. 0-0 Nce7 11. Qh5 c4 12. Be2 h6 13. Qg4 Nf5 14. g3 Re8 15. h4 Nf8 16. Qh3 Nh7 17. g4 Ne7 18. Kh1 Nc6 19. g5 h5 20. Nh2 Nf8 21. Bxh5 g6 22. Be2 Nh7 23. Ng4 Kg7 24. Nf6 Rh8 25. Rg1 Kf8 26. Ng4 Nxg5 27. Qh2 Ne4 28. Bh6+ Ke8 29. f3 Nxc3 30. Nf6+ Ke7 31. Bg5 Kf8 32. Nh7+ Rxh7 33. Bxd8 Nxd8 34. Bd1 Nxd1 35. Raxd1 Bd7 36. Qf4 Ba4 37. Rd2 a5 38. Rxg6 Ke8 39. Rg8+ Kd7 40. Qg4 Rc8 41. Rg7 Rh8 42. c3 b5 43. Rb2 Rb8 44. Qg3 Ke7 45. Kg2 Nc6 46. Qg5+ Kf8 47. Qf6 Nd8 48. Kh3 Ke8 49. Qf4 Ke7 50. Qg5+ Kf8 51. h5 Rxh5+ 52. Qxh5 Kxg7 53. Qh4 Kf8 54. Qf6 Ke8 55. f4 Kf8 56. f5 Ke8 57. fxe6 fxe6 58. Qh8+ Kd7 59. Qg7+ Ke8 60. Rf2 Nf7 61. Rxf7 Rb7 62. Rf8# 1-0

[Event "GER-ch U25-B"]
[Site "Willingen"]
[Date "2017.06.06"]
[Round "5"]
[White "Neppert, Paul"]
[Black "Wagner, Margarethe"]
[Result "1-0"]
[WhiteElo "1515"]
[BlackElo "1293"]
[PlyCount "75"]
[EventDate "2017.06.04"]
[EventType "swiss"]
[EventRounds "9"]
[EventCountry "GER"]
[SourceTitle "CBM 178 Extra"]
[Source "ChessBase"]
[SourceDate "2017.06.22"]
[SourceVersion "1"]
[SourceVersionDate "2017.06.22"]
[SourceQuality "1"]

1. e4 c5 2. Nc3 a6 3. g3 b5 4. Bg2 Bb7 5. Nge2 Nf6 6. d3 e6 7. 0-0 d6 8. h3 Be7 9. Be3 0-0 10. f4 e5 11. f5 Nc6 12. g4 Nd7 13. Qc1 Nd4 14. Qd2 b4 15. Nd1 Nxe2+ 16. Qxe2 Bg5 17. Nf2 Bxe3 18. Qxe3 h6 19. Qg3 g5 20. Nd1 f6 21. Ne3 Nb6 22. Bf3 Kf7 23. Rfb1 a5 24. c3 Rc8 25. cxb4 cxb4 26. Bd1 Ba6 27. Bb3+ Kg7 28. Be6 Rc7 29. Rd1 Qe7 30. a3 Bc8 31. Bxc8 Rfxc8 32. axb4 axb4 33. Qe1 Rb7 34. Qxb4 Nc4 35. Qc3 Nxe3 36. Qxc8 Nxd1 37. Ra8 Rb8 38. Qxb8 1-0

[Event "GER-ch U25-B"]
[Site "Willingen"]
[Date "2017.06.04"]
[Round "2"]
[White "Goetz, Timon"]
[Black "Neppert, Paul"]
[Result "0-1"]
[WhiteElo "1385"]
[BlackElo "1515"]
[PlyCount "92"]
[EventDate "2017.06.04"]
[EventType "swiss"]
[EventRounds "9"]
[EventCountry "GER"]
[SourceTitle "CBM 178 Extra"]
[Source "ChessBase"]
[SourceDate "2017.06.22"]
[SourceVersion "1"]
[SourceVersionDate "2017.06.22"]
[SourceQuality "1"]

1. c4 e5 2. e3 Nc6 3. a3 d6 4. Qc2 g6 5. b4 Bg7 6. Bb2 Be6 7. d3 Nf6 8. Nd2 0-0 9. Ngf3 Qe7 10. Rc1 Nd7 11. Be2 f5 12. Bc3 Nf6 13. b5 Nd8 14. Nb3 Nf7 15. Bb4 Rfc8 16. d4 e4 17. Ne5 Qd8 18. Rd1 dxe5 19. dxe5 Nd7 20. Nc5 Qe8 21. Nxe6 Qxe6 22. f4 exf3 23. Bxf3 c6 24. Bd6 Ndxe5 25. bxc6 Nxf3+ 26. Kf2 Rxc6 27. c5 Nxd6 28. Rxd6 Qxd6 29. Qc4+ Qe6 30. Qxe6+ Rxe6 31. gxf3 Rae8 32. Rb1 b6 33. cxb6 Rxb6 34. Rd1 Rb3 35. a4 Rbxe3 36. Rd7 a5 37. Rd5 Bc3 38. Rc5 Bb4 39. Rc8 Re2+ 40. Kf1 Re1+ 41. Kf2 Rxc8 42. h4 f4 43. Kg2 Rc2+ 44. Kh3 Rg1 45. h5 Rg3+ 46. Kh4 Rh2# 0-1

[Event "Landesliga U20 Nord 1617"]
[Site "Bayern"]
[Date "2016.11.12"]
[Round "1.4"]
[White "Zerkiebel, Thomas"]
[Black "Neppert, Paul"]
[Result "0-1"]
[WhiteElo "870"]
[BlackElo "1479"]
[PlyCount "82"]
[EventDate "2016.11.12"]
[EventType "team-tourn"]
[EventRounds "7"]
[EventCountry "GER"]
[SourceTitle "EXT 2022"]
[Source "ChessBase"]
[SourceDate "2021.10.06"]
[SourceVersion "1"]
[SourceVersionDate "2021.10.06"]
[SourceQuality "1"]
[WhiteTeam "Allersberger SC U20"]
[BlackTeam "Neumarkt U20"]
[WhiteTeamCountry "GER"]
[BlackTeamCountry "GER"]

1. e4 e5 2. Nf3 Nc6 3. Bb5 Bc5 4. 0-0 d6 5. d3 Nf6 6. Nc3 0-0 7. Qe2 Be6 8. Be3 Bb6 9. d4 exd4 10. Bxd4 Nxd4 11. Nxd4 Bxd4 12. Rfd1 Bb6 13. e5 Bg4 14. Qd3 dxe5 15. Qxd8 Rfxd8 16. Rxd8+ Rxd8 17. h3 Bf5 18. Rd1 Rxd1+ 19. Nxd1 Bxc2 20. Nc3 Ne4 21. Nxe4 Bxe4 22. Kf1 Bd5 23. a4 Bb3 24. f3 Bd4 25. g4 Bxb2 26. a5 a6 27. Bd3 Bc3 28. Ke2 Bxa5 29. Be4 Bc4+ 30. Bd3 Bxd3+ 31. Kxd3 b5 32. Kc2 c5 33. Kb2 c4 34. Kb1 b4 35. Kc2 b3+ 36. Kb2 Bd2 37. h4 a5 38. g5 a4 39. h5 c3+ 40. Kb1 c2+ 41. Ka1 c1Q# 0-1